000
00213 a2200097 4500
001
58340
100
_a
245
_a
Electronic devices and circuits
260
_a
NJ
_b
Prenctice-Hall
_c
1992
090
_c
35828
_d
35828
942
_a
NUST-CAE
_c
_c
28700
999
_c
293413
_d
293413